Paroles Espresso - Sabrina Carpenter - Statistiques

Statistiques générales
  • Ce quiz a été pris 144 fois
  • Le résultat moyen est 89 sur 149
Statistiques - réponses
Hint Réponse % Correct
I
98%
a
91%
me
91%
espresso
90%
that
84%
so
81%
guess
80%
'bout
78%
oh
76%
(oh)
76%
Oh
76%
he
75%
Is
75%
it
75%
Refrain Now
75%
night
73%
sweet?
73%
sweet
73%
thinkin'
73%
you
73%
every
72%
know
72%
can't
71%
Baby
67%
he's
67%
relate
60%
That's
60%
that's
60%
on
59%
desperation
58%
do
58%
sleep
58%
to
58%
And
57%
and
57%
this
57%
My
56%
Say
55%
up
54%
boy
53%
give
53%
like
51%
Switch
50%
vacation
50%
Nintendo
49%
right
49%
down
48%
got
48%
your
48%
ex
47%
for
47%
left
47%
are
46%
callin'
45%
stop
45%
Move
44%
won't
43%
bad
42%
don't
42%
one
42%
One
42%
Pré-Refrain Too
38%
When
38%
ya
37%
fucks
36%
way
36%
in
32%
act
31%
'em
26%
they
25%
coffee
21%
dream
20%
perfumed
19%
Soft
19%
came
18%
skin
18%
Dew
16%
Walked
16%
morning
15%
(Yes)
15%
touch
14%
brewed
13%
trued
13%
brand
11%
newed
11%
Montain
9%
Aucun quiz correspondant
Distribution des résultats
% des personnes avec chaque résultat
Percentile par nombre de réponses
Votre historique - résultats
Vous n’avez pas pris ce quiz